| 000 | 00423nam a2200169Ia 4500 | ||
|---|---|---|---|
| 008 | 221030s9999 xx 000 0 und d | ||
| 020 | _a9788131253809 | ||
| 041 | _aEnglish | ||
| 100 | _aT. Mahmood | ||
| 245 | 0 |
_aIntroduction to Muslim Law 2nd Ed. _cby T. Mahmood, S. Mahmood |
|
| 250 | _a2nd | ||
| 260 |
_bLexis Nexis _aGurgaon _c2022 |
||
| 300 | _a244 | ||
| 650 | _aMuslim Law | ||
| 700 | _aS. Mahmood | ||
| 942 | _cBK | ||
| 999 |
_c18896 _d18896 |
||